000 00609nam a2200193Ia 4500
003 GCL
008 140319s9999 xx 000 0 ara d
040 _aGCL /
_cGCL
082 0 4 _a923.1
_bم ب
100 1 _aمروان بشارة
245 1 0 _aبيل كلينتون الحملة, الادارة, والسياسة الخارجية /
_cمروان بشارة
260 _a[S.N] :
_bدار الساقى
300 _a134 ص
490 _a
650 0 4 _aالولايات المتحدة الامريكية
650 0 4 _aالتاريخ الحديث
650 0 4 _aكلينتون , بيل
942 _2ddc
_cBK
999 _c42154
_d42154